Бухгалтерский учет: учебник

Библиографические подробности
Другие авторы: Гетьман В. Г. Виктор Григорьевич, Керимов В. Э. Вагиф Эльдарович, Бабаева З. Д. Зинаида Даниловна, Неселовская Т. М. Тамара Михайловна
Примечания:Учебник подготовлен коллективом преподавателей ФГОУ ВПО «Финансовая академия при Правительстве Российской Федерации», имеющих богатый педагогический опыт работы в вузах и занимающихся научными исследованиями проблем теории и прак­тики современного отечественного и зарубежного бухгалтерского учета. Содержит все программные вопросы по учебной дисципли­не «Бухгалтерский учет». Они изложены на основе действующих положений по бухгалтерскому учету в Российской Федерации, корреспондирующих с международными стандартами финансовой отчетности.Для студентов вузов, обучающихся по направлению «Экономи­ка» (уровень подготовки — бакалавр), слушателей центров и курсов повышения квалификации. Может быть использован бухгалтерами, экономистами и менеджерами предприятий и организаций.
Язык:русский
Опубликовано: Москва, Инфра-М, 2015
Серии:Высшее образование. Бакалавриат
Предметы:
Формат: Книга
Запись в KOHA:https://koha.lib.tpu.ru/cgi-bin/koha/opac-detail.pl?biblionumber=290351

MARC

LEADER 00000nam0a2200000 4500
001 290351
005 20231102000258.0
010 |a 9785160037561 
035 |a (RuTPU)RU\TPU\book\314899 
090 |a 290351 
100 |a 20150406d2015 m y0rusy50 ca 
101 0 |a rus 
102 |a RU 
105 |a y j 001zy 
200 1 |a Бухгалтерский учет  |e учебник  |f В. Г. Гетьман [и др.] 
210 |a Москва  |c Инфра-М  |d 2015 
215 |a 716 с. 
225 1 |a Высшее образование. Бакалавриат 
320 |a Библиогр.: с. 708-710. 
330 |a Учебник подготовлен коллективом преподавателей ФГОУ ВПО «Финансовая академия при Правительстве Российской Федерации», имеющих богатый педагогический опыт работы в вузах и занимающихся научными исследованиями проблем теории и прак­тики современного отечественного и зарубежного бухгалтерского учета. Содержит все программные вопросы по учебной дисципли­не «Бухгалтерский учет». Они изложены на основе действующих положений по бухгалтерскому учету в Российской Федерации, корреспондирующих с международными стандартами финансовой отчетности.Для студентов вузов, обучающихся по направлению «Экономи­ка» (уровень подготовки — бакалавр), слушателей центров и курсов повышения квалификации. Может быть использован бухгалтерами, экономистами и менеджерами предприятий и организаций. 
606 1 |a Бухгалтерский учет  |2 stltpush  |3 (RuTPU)RU\TPU\subj\30744  |9 53805 
610 1 |a экономика 
610 1 |a внеоборотные активы 
610 1 |a вложения 
610 1 |a основные средства 
610 1 |a материальные активы 
610 1 |a материально-производственные запасы 
610 1 |a расчеты с персоналом 
610 1 |a оплата труда 
610 1 |a денежные средства 
610 1 |a финансовые вложения 
610 1 |a расходы 
610 1 |a текущие расчеты 
610 1 |a готовая продукция 
610 1 |a продажи 
610 1 |a обязательства 
610 1 |a кредиты 
610 1 |a займы 
610 1 |a финансовые результаты 
610 1 |a налоги 
610 1 |a сборы 
610 1 |a собственный капитал 
610 1 |a бюджеты 
610 1 |a бухгалтерская отчетность 
610 1 |a международные стандарты 
610 1 |a антикризисное управление 
610 1 |a финансовая отчетность 
610 1 |a забалансовые счета 
610 1 |a учебные пособия 
675 |a 657.22(075.8)  |v 4 
701 1 |a Гетьман  |b В. Г.  |g Виктор Григорьевич 
701 1 |a Керимов  |b В. Э.  |g Вагиф Эльдарович 
701 1 |a Бабаева  |b З. Д.  |g Зинаида Даниловна 
701 1 |a Неселовская  |b Т. М.  |g Тамара Михайловна 
801 1 |a RU  |b 63413507  |c 20150406 
801 2 |a RU  |b 63413507  |c 20150608  |g RCR 
900 |a Бухгалтерский учет 
942 |c BK 
954 |l 8.1 
959 |a 34/20150406  |d 3  |e 499,90  |f ЧЗГЛ:1  |f УФ:2